000 00278nam a22001337a 4500
008 170731b xxu||||| |||| 00| 0 eng d
020 _a9781418843274
041 _aeng
080 _a004
100 _a32
101 _aSHKI
245 _aOFFICE 2007
_cSHELLY
942 _2udc
_cBK
999 _c22268
_d22268